| 000 | 00481nam a22001697a 4500 | ||
|---|---|---|---|
| 003 | NUST - PNEC | ||
| 005 | 20170116181014.0 | ||
| 008 | 150913b xxu||||| |||| 00| 0 eng d | ||
| 020 | _a0672225808 | ||
| 040 | _cLIBRARY | ||
| 082 | _a004.56 CAR | ||
| 100 |
_910348 _a Carrabis, Joseph-David |
||
| 245 |
_aHard disk management techniques for the IBM _c Carrabis, Joseph-David |
||
| 260 | _cc.988 | ||
| 650 |
_910345 _bManagement information system _xMIS |
||
| 942 |
_2ddc _cBK |
||
| 999 |
_c67194 _d67194 |
||